000 01240cad a22002295a 4500
001 L154839
008 120123s2012 xxkad f s 000 0 eng d
035 _a(Sirsi) u154839
041 0 _aeng
110 2 _aGVA
_95945
245 0 4 _aThe big nine
_bquarterly review of the regional office occupier markets Q4 2011
_h[electronic resource]
260 _a[S.l.]
_bGVA
_c2012
490 0 _aGVA Big Nine Quarterly Review of the Regional Office Occupier Markets
505 2 _aSummary -- City centre -- Out-of-town -- In focus: Leeds.
520 _aCovers take-up in the big nine regional office occupier markets: Birmingham; Bristol; Cardiff; Edinburgh; Glasgow; Leeds; Liverpool; Manchester; and Newcastle. City centre take-up totalled 977 500 sq ft in Q4, 4% below the quarterly average. Out-of- town take-up was 549 000 sq ft in Q4, 2% below the quarterly average. Lists top five city centre and top five out-of-town deals. In focus: Leeds covers the market movement and outlook.
590 _aKA NTK
650 2 4 _aGVA BIG NINE QUARTERLY REVIEW
651 4 _aUnited Kingdom
_y
690 _aCommercial property
_96227
856 4 0 _uhttps://www.gva.co.uk/research/offices/
_zView the report free of charge at www.gva.co.uk
942 _n0
999 _c113187
_d113187